Statistics for Gæt Sønderjyske Ord

Click here to take the quiz!

General Stats

  • This quiz has been taken 568 times
  • The average score is 7 of 21

Answer Stats

SønderjyskRigsdansk% Correct
MojnHej
96%
SynnejyskSønderjysk
94%
BomSlik
58%
KacheKage
41%
GafHul
39%
PusserSutsko
39%
MutKys
37%
MøtzHat
36%
KnepkachSmåkage
33%
KritbarTrillebør
32%
FissemandFugleskræmsel
31%
PlatsetPunkteret
30%
Æ tøsSynes
25%
PotGryde
23%
BachætteBagefter
22%
Sinne mæ æ vinne!Rolig
22%
GlantGodt
17%
KørbisGræskar
15%
SnupdugLommetørklæde
14%
GrønpletGræsplæne
13%
JamskTræt
10%

Score Distribution

Percentile by Number Answered

Percent of People with Each Score

Your Score History

You have not taken this quiz